ARRUPE JESUIT UNIVERSITY

CORONAVIRUS -STOP THE SPREAD - CLEAN,DISINFECT,COVER

Crowded with genius : (Record no. 117858)

MARC details
000 -LEADER
fixed length control field 01558cam a2200361 a 4500
001 - CONTROL NUMBER
control field 13319798
003 - CONTROL NUMBER IDENTIFIER
control field ARRUPE
005 - DATE AND TIME OF LATEST TRANSACTION
control field 20130918114439.0
008 - FIXED-LENGTH DATA ELEMENTS--GENERAL INFORMATION
fixed length control field 030821s2003 nyua b 001 0 eng
010 ## - LIBRARY OF CONGRESS CONTROL NUMBER
LC control number 2003062454
020 ## - INTERNATIONAL STANDARD BOOK NUMBER
International Standard Book Number 0060558881 (acidfree paper)
040 ## - CATALOGING SOURCE
Original cataloging agency DLC
Transcribing agency DLC
Modifying agency DLC
043 ## - GEOGRAPHIC AREA CODE
Geographic area code e-uk-st
050 00 - LIBRARY OF CONGRESS CALL NUMBER
Classification number DA890.E2
Item number B82 2003b
082 00 - DEWEY DECIMAL CLASSIFICATION NUMBER
Classification number 941.3/407
Edition number 22
300 ## - PHYSICAL DESCRIPTION
Other physical details ill. ;
Dimensions 24 cm.
100 1# - MAIN ENTRY--PERSONAL NAME
Personal name Buchan, James.
9 (RLIN) 470
240 10 - UNIFORM TITLE
Uniform title <a href="Capital of the mind">Capital of the mind</a>
245 10 - TITLE STATEMENT
Title Crowded with genius :
Remainder of title the Scottish enlightenment : Edinburgh's moment of the mind /
Statement of responsibility, etc James Buchan.
250 ## - EDITION STATEMENT
Edition statement 1st ed.
260 ## - PUBLICATION, DISTRIBUTION, ETC. (IMPRINT)
Place of publication, distribution, etc New York :
Name of publisher, distributor, etc HarperCollins Publishers,
Date of publication, distribution, etc c2003.
300 ## - PHYSICAL DESCRIPTION
Extent xi, 436 p. :
500 ## - GENERAL NOTE
General note "First published in Great Britain in 2003 as Capital of the mind : how Edinburgh changed the world by John Murray (Publishers)"--T.P. verso.
504 ## - BIBLIOGRAPHY, ETC. NOTE
Bibliography, etc Includes bibliographical references (p. 341-414) and index.
650 #0 - SUBJECT ADDED ENTRY--TOPICAL TERM
Topical term or geographic name as entry element Enlightenment
Geographic subdivision Scotland
-- Edinburgh.
9 (RLIN) 471
651 #0 - SUBJECT ADDED ENTRY--GEOGRAPHIC NAME
Geographic name Edinburgh (Scotland)
General subdivision History.
9 (RLIN) 472
651 #0 - SUBJECT ADDED ENTRY--GEOGRAPHIC NAME
Geographic name Edinburgh (Scotland)
General subdivision Intellectual life
Chronological subdivision 18th century.
9 (RLIN) 473
651 #0 - SUBJECT ADDED ENTRY--GEOGRAPHIC NAME
Geographic name Scotland
General subdivision Intellectual life
Chronological subdivision 18th century.
9 (RLIN) 474
856 42 - ELECTRONIC LOCATION AND ACCESS
Materials specified Publisher description
Uniform Resource Identifier <a href="http://www.loc.gov/catdir/description/hc044/2003062454.html">http://www.loc.gov/catdir/description/hc044/2003062454.html</a>
856 42 - ELECTRONIC LOCATION AND ACCESS
Materials specified Book review (H-Net)
Uniform Resource Identifier <a href="http://www.h-net.org/review/hrev-a0f1u1-aa">http://www.h-net.org/review/hrev-a0f1u1-aa</a>
906 ## - LOCAL DATA ELEMENT F, LDF (RLIN)
a 7
b cbc
c orignew
d 1
e ocip
f 20
g y-gencatlg
942 ## - ADDED ENTRY ELEMENTS (KOHA)
Source of classification or shelving scheme Library of Congress Classification
Koha item type Monograph ( Printed materials)
Holdings
Withdrawn status Lost status Source of classification or shelving scheme Damaged status Not for loan Home library Current library Date acquired Total Checkouts Full call number Barcode Date last seen Price effective from Koha item type
    Library of Congress Classification     ARRUPE LIBRARY ARRUPE LIBRARY 18/09/2013   DA890.E2 B82 2003 46411669 27/10/2017 18/09/2013 Monograph ( Printed materials)

 

Arrupe Library. PO Box MP320 Mt Pleasant, Harare, Zimbabwe
263 242 745411|librarian@aju.ac.zw